The Effects of COVID-19 Crisis on Small Family Farms: Empirical Evidence From Visegrad Countries
Cieľom tohto príspevku je preskúmať dopady krízy COVID-19 na malé rodinné farmy v krajinách Vyšehradskej štvorky a poskytnúť dôkazy o tom, ako reagovali na krízu a ako sa s ňou vyrovnali.
Gespeichert in:
| 1. Verfasser: | |
|---|---|
| Weitere Verfasser: | , , , , , , , , , , , , , |
| Format: | Buchkapitel |
| Sprache: | Englisch |
| Schlagworte: | |
| Tags: |
Keine Tags, Fügen Sie das erste Tag hinzu!
|
MARC
| LEADER | 00000naa a2200000 4500 | ||
|---|---|---|---|
| 001 | 0297250 | ||
| 005 | 20231123135842.5 | ||
| 041 | 0 | |a eng | |
| 044 | |a CZ | ||
| 245 | 1 | 0 | |a The Effects of COVID-19 Crisis on Small Family Farms: Empirical Evidence From Visegrad Countries |c Ivana Blažková, Veronika Svatošová, Gabriela Chmelíková, Vojtěch Tamáš, Eliška Svobodová, Libor Grega, Simona Miškolci, Jakub Piecuch, Apolka Ujj, Daniela Hupková, Jacek Puchała, István Bazsik, Paulina Jancsovszka, Kinga Nagyné Pércsi, Ľudmila Dobošová |
| 520 | |a Cieľom tohto príspevku je preskúmať dopady krízy COVID-19 na malé rodinné farmy v krajinách Vyšehradskej štvorky a poskytnúť dôkazy o tom, ako reagovali na krízu a ako sa s ňou vyrovnali. | ||
| 610 | 2 | 0 | |a farmy rodinné |
| 610 | 2 | 0 | |a koronavírus |
| 610 | 2 | 0 | |a pandémia |
| 610 | 2 | 0 | |a kríza pandemická |
| 610 | 2 | 0 | |a podnikanie |
| 610 | 2 | 0 | |a výskum kvalitatívny |
| 610 | 2 | 0 | |a Vyšehradská štvorka |
| 100 | 1 | |a Blažková, Ivana | |
| 700 | 1 | |a Svatošová, Veronika | |
| 700 | 1 | |a Chmelíková, Gabriela | |
| 700 | 1 | |a Tamáš, Vojtěch | |
| 700 | 1 | |a Svobodová, Eliška | |
| 700 | 1 | |a Grega, Libor | |
| 700 | 1 | |a Miškolci, Simona | |
| 700 | 1 | |a Piecuch, Jakub | |
| 700 | 1 | |a Ujj, Apolka | |
| 700 | 1 | |a Hupková, Daniela | |
| 700 | 1 | |a Puchała, Jacek | |
| 700 | 1 | |a Bazsik, István | |
| 700 | 1 | |a Jancsovszka, Paulina | |
| 700 | 1 | |a Pércsi, Kinga Nagyné | |
| 700 | 1 | |a Dobošová, Ľudmila | |